000
00297nam a22001337a 4500
008
170201b xxu||||| |||| 00| 0 eng d
020
_a
0894340557
041
_a
eng
080
_a
61
100
_a
3
101
_a
SHM
245
_a
THE MEDICALAND HEALTH ENCYCLOPEDIA
_c
WAGMAN.R.J
942
_2
udc
_c
BK
999
_c
4192
_d
4192